00508nam a2200181Ia 4500008004100000020001800041082001300059100001500072245002600087250000600113260003300119300001900152500002400171650001400195942000700209952009300216999001700309230524s9999 xx 000 0 und d a9788189929438 a530bRAJ aR.K.Rajput 0aEngineering Mechanics a3 aNew DelhibDhanpat Raic2014 a"XV,1.1-1.3p;" aQuantity Number: 1 aMechanics cBK 00104070aTATCLbTATCLcGENd2023-05-24l0o530 RAJp54017r2023-05-24w2023-05-24yBK c57635d57635